Tackling Undeclared Work in the Personal and Household Services Sector September 2021
Salvato in:
| Autore principale: | |
|---|---|
| Altri autori: | , , , , , , |
| Natura: | Libro |
| Lingua: | inglese |
| Pubblicazione: |
Bratislava
European Labour Authority
2021
|
| Edizione: | 1st Edition |
| Soggetti: | |
| Tags: |
Nessun Tag, puoi essere il primo ad aggiungerne!!
|
MARC
| LEADER | 00000nlm a2200000 4500 | ||
|---|---|---|---|
| 001 | 0307532 | ||
| 005 | 20250307101243.4 | ||
| 041 | 0 | |a eng | |
| 044 | |a SK | ||
| 245 | 1 | 0 | |a Tackling Undeclared Work in the Personal and Household Services Sector |b September 2021 |c Martin Guzi, Barbora Holubová, Marta Kahancová, Martin Kahanec, Monika Martišková, Marek Radvanský, Pavol Bors, Lisa Schönenberg |
| 250 | |a 1st Edition | ||
| 264 | 1 | |a Bratislava |b European Labour Authority |c 2021 | |
| 300 | |a 80 s. | ||
| 610 | 2 | 0 | |a práca nelegálna |
| 610 | 2 | 0 | |a ekonomika tieňová |
| 610 | 2 | 0 | |a domácnosti |
| 610 | 2 | 0 | |a zamestnanosť |
| 610 | 2 | 0 | |a služby |
| 610 | 2 | 0 | |a porovnanie štatistické medzinárodné |
| 100 | 1 | |a Guzi, Martin | |
| 700 | 1 | |a Holubová, Barbora | |
| 700 | 1 | |a Kahancová, Marta | |
| 700 | 1 | |a Kahanec, Martin, 1977- | |
| 700 | 1 | |a Martišková, Monika | |
| 700 | 1 | |a Radvanský, Marek | |
| 700 | 1 | |a Bors, Pavol | |
| 700 | 1 | |a Schönenberg, Lisa | |